000 00518nam a2200205Ia 4500
003 OSt
005 20230329144507.0
008 210423s2010 xx 000 0 und d
020 _a8130903989
040 _cAL
041 _aeng
082 _a540
_223
_bTALC
100 _aTALBOT (Christopher);others.
_979650
245 _aChemistry: for the IB diploma.
260 _aLondon
_bHodden Education
_c2010
300 _avi,620
_bPB
365 _b2460
_cINR
906 _aChemistry: ; diploma. ; ib
942 _2ddc
_cBK
999 _c154477
_d154477